Pre-contract deposits - A practice recommendation : what advice to give? (Record no. 3097)

MARC details
000 -LEADER
fixed length control field 01000cab a2200229 4500
001 - CONTROL NUMBER
control field ABS37548
008 - FIXED-LENGTH DATA ELEMENTS--GENERAL INFORMATION
fixed length control field 090401t1987 xxu||||| |||| 00| 0 eng d
035 ## - SYSTEM CONTROL NUMBER
System control number (Sirsi) u5180
041 ## - LANGUAGE CODE
Language code of text/sound track or separate title eng
100 ## - MAIN ENTRY--PERSONAL NAME
Personal name Bonham-Carter, N.
245 ## - TITLE STATEMENT
Title Pre-contract deposits - A practice recommendation : what advice to give?
260 ## - PUBLICATION, DISTRIBUTION, ETC.
Date of publication, distribution, etc. 1987
350 ## - PRICE (NR) (BK AM CF MU VM SE) [OBSOLETE]
Price 0
490 ## - SERIES STATEMENT
Series statement Law Society`s Gazette
Volume/sequential designation 84 (11) 18 March 1987, 791-792 (2)
520 ## - SUMMARY, ETC.
Summary, etc. Under the pre-contract deposit scheme recommended by the Conveyancing Standing Committee both vendor and purchaser are asked to deposit half a per cent of the purchase price of the property with the vendor`s solicitor as stakeholder . Considers what advice solicitors should give to clients; includes an example of the pre-contract deposit agreement together with the accompanying guidance notes .
650 ## - SUBJECT ADDED ENTRY--TOPICAL TERM
Topical term or geographic name entry element CONVEYANCING
650 ## - SUBJECT ADDED ENTRY--TOPICAL TERM
Topical term or geographic name entry element GAZUMPING
650 ## - SUBJECT ADDED ENTRY--TOPICAL TERM
Topical term or geographic name entry element HOUSE PURCHASE
690 ## - LOCAL SUBJECT ADDED ENTRY--TOPICAL TERM (OCLC, RLIN)
Topical term or geographic name as entry element PROPERTY LAW AND PRACTICE
942 ## - ADDED ENTRY ELEMENTS (KOHA)
Suppress in OPAC 0
948 ## - LOCAL PROCESSING INFORMATION (OCLC); SERIES PART DESIGNATOR (RLIN)
c (OCLC) 04/03/1997
Holdings
Withdrawn status Lost status Source of classification or shelving scheme Damaged status Not for loan Home library Current library Shelving location Date acquired Total Checkouts Full call number Barcode Date last seen Copy number Price effective from Koha item type
    Dewey Decimal Classification     London London Journal article 14/09/1999   ABS37548 5180-1001 06/08/2019 1 06/08/2019 Journal article